[Event "Online Olym Top DivB 2021"]
[Site "chess.com INT"]
[Date "2021.09.09"]
[Round "5.1"]
[Board "2"]
[White "Balog, Imre"]
[Black "Fedorov, Alexei"]
[Result "0-1"]
[WhiteTitle "GM"]
[BlackTitle "GM"]
[WhiteElo "2578"]
[BlackElo "2532"]
[WhiteTeam "Hungary"]
[BlackTeam "Belarus"]
[WhiteFideId "728446"]
[BlackFideId "13500465"]
[EventDate "2021.09.08"]
[EventType "team"]

1. d4 Nf6 2. Bg5 d6 3. Bxf6 exf6 4. e4 f5 5. exf5 Bxf5 6. Bd3 Qd7 7. Ne2 Be7 8.
Ng3 Qe6+ 9. Be2 Bg6 10. O-O O-O 11. Bf3 c6 12. d5 Qd7 13. dxc6 bxc6 14. c4 Na6
15. Nc3 Rab8 16. b3 Nc5 17. Qd2 Bf6 18. Rad1 Rfe8 19. Nce2 Be5 20. Nf4 Qc7 21.
Rfe1 a5 22. Nxg6 hxg6 23. Ne4 Nxe4 24. Rxe4 Bxh2+ 25. Kxh2 Rxe4 26. Bxe4 d5+ 27.
g3 dxe4 28. Qd6 Qxd6 29. Rxd6 a4 30. Rxc6 axb3 31. axb3 Rxb3 32. Rc8+ Kh7 33. g4
g5 34. Re8 Rf3 35. Kg2 Rf4 36. Kg3 g6 37. c5 f5 38. gxf5 gxf5 39. c6 Rf3+ 40.
Kg2 Rc3 41. Re6 Kg7 42. Kf1 Kf7 43. Rh6 f4 44. Ke2 e3 45. fxe3 Rxe3+ 46. Kd2 Ke7
47. Rg6 Re5 48. c7 Kd7 49. Rg7+ Kc8 50. Kd3 f3 51. Kd4 Rf5 52. Ke4 f2 53. Kxf5
f1=Q+ 54. Kxg5 Qa1 55. Kg6 Qe5 56. Rf7 Qe6+ 57. Kg7 Kb7 58. Kg8 Qg6+ 59. Kf8 Kc8
60. Rg7 Qe6 61. Rf7 Qh6+ 62. Kg8 Qg6+ 63. Kf8 Kb7 64. Rg7 Qf5+ 65. Rf7 Qg4 66.
Rg7 Qc8+ 67. Kf7 Kxc7 68. Rg6 Qf5+ 69. Kg7 Kd7 70. Rf6 Qh5 71. Rf7+ Ke6 72. Rf6+
Ke7 73. Rg6 Qe5+ 74. Kg8 Ke8 75. Rg7 Qh5 76. Rh7 Qd5+ 77. Kg7 Qg5+ 78. Kh8 Qf6+ 0-1

[Event "Online Olym Top DivB 2021"]
[Site "chess.com INT"]
[Date "2021.09.09"]
[Round "5.1"]
[Board "3"]
[White "Tarasenka, Aliaksandra"]
[Black "Hoang, Thanh Trang"]
[Result "1/2-1/2"]
[WhiteTitle "WFM"]
[BlackTitle "GM"]
[WhiteElo "2124"]
[BlackElo "2380"]
[WhiteTeam "Belarus"]
[BlackTeam "Hungary"]
[WhiteFideId "13514288"]
[BlackFideId "12400149"]
[EventDate "2021.09.08"]
[EventType "team"]

1. d4 e6 2. c4 f5 3. Nc3 Nf6 4. Nf3 Bb4 5. Qc2 b6 6. Bf4 Ne4 7. e3 Bb7 8. Bd3
O-O 9. O-O-O Bxc3 10. bxc3 d6 11. h4 Qe7 12. Ng5 Nf6 13. d5 e5 14. Bxf5 exf4 15.
Bxh7+ Kh8 16. exf4 Bc8 17. Rhe1 Qd8 18. Bg6 Na6 19. h5 Nc5 20. Nf7+ Rxf7 21.
Bxf7 Qf8 22. Bg6 Bd7 23. Qe2 a6 24. f3 b5 25. cxb5 axb5 26. Rd2 Ra3 27. Qe7 Qxe7
28. Rxe7 Rxc3+ 29. Kb2 Rc4 30. g3 Rb4+ 31. Kc2 Rc4+ 32. Kd1 Rc3 33. h6 gxh6 34.
Rh2 Nxd5 35. Rxh6+ Kg8 36. Bf7+ Kf8 37. Rxd7 Nxd7 38. Bxd5 Rd3+ 39. Ke2 Rxd5 40.
Rh7 Ke8 41. g4 c5 42. g5 Rf5 43. g6 Rxf4 44. Rxd7 Rf6 45. g7 Rg6 46. Rxd6 Rxg7
47. Rc6 c4 48. a4 bxa4 49. Rxc4 Ra7 50. Kd2 Ke7 51. Kc2 Ke6 52. Kb2 Kf5 53. Ka3
Ra8 54. Rxa4 Rxa4+ 55. Kxa4 Kf4 56. Kb4 Kxf3 1/2-1/2

[Event "Online Olym Top DivB 2021"]
[Site "chess.com INT"]
[Date "2021.09.09"]
[Round "5.1"]
[Board "4"]
[White "Havanecz, Bianka"]
[Black "Norman, Kseniya"]
[Result "1-0"]
[WhiteTitle "WIM"]
[WhiteElo "2224"]
[BlackElo "1842"]
[WhiteTeam "Hungary"]
[BlackTeam "Belarus"]
[WhiteFideId "704814"]
[BlackFideId "13518780"]
[EventDate "2021.09.08"]
[EventType "team"]

1. d4 Nf6 2. c4 d6 3. Nc3 Nbd7 4. e4 g6 5. Bd3 Bg7 6. Nge2 O-O 7. O-O e5 8. d5
Nc5 9. Bc2 a5 10. b3 Ne8 11. Rb1 f5 12. exf5 Bxf5 13. Ng3 Bxc2 14. Qxc2 Nf6 15.
a3 c6 16. b4 axb4 17. axb4 Ncd7 18. dxc6 bxc6 19. Qd3 Nb6 20. Be3 Na4 21. Nxa4
Rxa4 22. Rfd1 d5 23. Bc5 Re8 24. cxd5 cxd5 25. Nf1 e4 26. Qb3 Qa8 27. b5 Rc4 28.
Bd4 Nd7 29. Bxg7 Kxg7 30. Ne3 Nc5 31. Qb2+ Kg8 32. Nxc4 dxc4 33. Qd4 Nd3 34.
Qxc4+ Kh8 35. b6 Qb7 36. Qc7 Re7 37. Qxb7 Rxb7 38. f3 Nc5 39. Rdc1 Ne6 40. fxe4
Kg7 41. Rc6 Kf6 42. e5+ Ke7 43. Ra1 Nd8 44. Rc7+ Rxc7 45. bxc7 1-0

[Event "Online Olym Top DivB 2021"]
[Site "chess.com INT"]
[Date "2021.09.09"]
[Round "5.1"]
[Board "5"]
[White "Lazavik, Denis"]
[Black "Kozak, Adam"]
[Result "1/2-1/2"]
[WhiteTitle "IM"]
[BlackTitle "GM"]
[WhiteElo "2440"]
[BlackElo "2517"]
[WhiteTeam "Belarus"]
[BlackTeam "Hungary"]
[WhiteFideId "13515110"]
[BlackFideId "753246"]
[EventDate "2021.09.08"]
[EventType "team"]

1. d4 Nf6 2. c4 e6 3. Nf3 d5 4. Nc3 dxc4 5. e4 b5 6. e5 Nd5 7. Nxb5 Nb6 8. Be2
Nc6 9. a3 Be7 10. Be3 Na5 11. Qc2 Bb7 12. Rd1 O-O 13. h4 h6 14. Rh3 f5 15. exf6
Rxf6 16. Ne5 Nd5 17. Ng4 Rf5 18. Bxh6 Nf6 19. Nc3 Bd6 20. Bg5 Bxg2 21. Re3 Qf8
22. Bxf6 Rxf6 23. Nxf6+ Qxf6 24. Ne4 Qxh4 25. Nxd6 cxd6 26. Bf3 Bxf3 27. Rxf3
Rb8 28. b4 cxb3 29. Qg6 Qe7 30. Ke2 Qe8 31. Qe4 Qb5+ 32. Ke1 Qd5 33. Qxd5 exd5
34. Rb1 b2 35. Kd2 Nc4+ 36. Kc3 g6 37. Rg3 Kf7 38. Rg5 Ke6 39. Rxg6+ Kd7 40.
Rg7+ Kc6 41. Rxa7 Rf8 42. Kb3 Nd2+ 43. Ka2 Nxb1 44. Kxb1 Rxf2 45. Ra4 Rd2 46.
Rb4 Kc7 47. a4 Kc6 48. a5 Re2 49. Rb6+ Kc7 50. Rb3 Kc6 51. Rb6+ Kc7 52. Rb4 Re8
53. Kxb2 Ra8 54. Ra4 Kc6 55. Kb3 Rb8+ 56. Rb4 Rf8 57. Rb6+ Kc7 58. Rb4 Kc6 59.
Ka4 Rf4 60. Rb6+ Kc7 61. Rb4 Kc6 62. Rb6+ Kc7 63. Kb5 Rxd4 64. Rc6+ Kb8 65. Rxd6
Rd1 66. a6 Rb1+ 67. Kc6 Ka7 68. Kxd5 Rd1+ 69. Kc6 Rxd6+ 70. Kxd6 Kxa6 1/2-1/2

[Event "Online Olym Top DivB 2021"]
[Site "chess.com INT"]
[Date "2021.09.09"]
[Round "5.1"]
[Board "6"]
[White "Gaal, Zsoka"]
[Black "Poliakova, Varvara"]
[Result "1/2-1/2"]
[WhiteTitle "WFM"]
[WhiteElo "2276"]
[BlackElo "1944"]
[WhiteTeam "Hungary"]
[BlackTeam "Belarus"]
[WhiteFideId "777765"]
[BlackFideId "13518313"]
[EventDate "2021.09.08"]
[EventType "team"]

1. Nf3 d6 2. d4 Nf6 3. g3 Nbd7 4. Bg2 e5 5. c4 c6 6. O-O Be7 7. Nc3 e4 8. Nd2 d5
9. f3 exf3 10. Bxf3 dxc4 11. Nxc4 Nb6 12. Ne5 Bh3 13. Rf2 O-O 14. Bf4 Nbd5 15.
Bg5 h6 16. Nxd5 Nxd5 17. Bxe7 Nxe7 18. e3 Be6 19. Qc2 Bf5 20. Qb3 Qb6 21. Qa3
Qd8 22. Raf1 Be6 23. Bh5 f6 24. Nd3 Bh3 25. Re1 Bf5 26. Nf4 Qd7 27. Be2 Be4 28.
Bc4+ Nd5 29. Bd3 Bxd3 30. Qxd3 Rfe8 31. Qb3 Kh7 32. Qd3+ Kg8 33. Qb3 Kh7 34.
Qd3+ Kg8 1/2-1/2

[Event "Online Olym Top DivB 2021"]
[Site "chess.com INT"]
[Date "2021.09.09"]
[Round "5.2"]
[Board "1"]
[White "Anand, Viswanathan"]
[Black "Radjabov, Teimour"]
[Result "1/2-1/2"]
[WhiteTitle "GM"]
[BlackTitle "GM"]
[WhiteElo "2753"]
[BlackElo "2763"]
[WhiteTeam "India"]
[BlackTeam "Azerbaijan"]
[WhiteFideId "5000017"]
[BlackFideId "13400924"]
[EventDate "2021.09.08"]
[EventType "team"]

1. e4 e5 2. Nf3 Nc6 3. Bc4 Bc5 4. d3 Nf6 5. O-O O-O 6. c3 d5 7. exd5 Nxd5 8. Re1
Nb6 9. Bb3 Bg4 10. h3 Bh5 11. Nbd2 Qxd3 12. Nxe5 Qf5 13. Nef3 Rad8 14. Qe2 Qc8
15. Qb5 Nd7 16. Bd1 Rfe8 17. Rxe8+ Rxe8 18. Qf1 Nf6 19. b4 Bf8 20. Bb2 a6 21.
Bb3 Bd6 22. Re1 Bf4 23. Rxe8+ Qxe8 24. a3 Ne5 25. Nxe5 Qxe5 26. Nc4 Qe8 27. g3
Bh6 28. g4 Bg6 29. f4 Bxf4 30. Qxf4 Qe1+ 31. Qf1 Qg3+ 32. Qg2 Qe1+ 33. Qf1 Qg3+
34. Qg2 Qe1+ 35. Qf1 1/2-1/2

[Event "Online Olym Top DivB 2021"]
[Site "chess.com INT"]
[Date "2021.09.09"]
[Round "5.2"]
[Board "2"]
[White "Mamedyarov, Shakhriyar"]
[Black "Vidit, Santosh Gujrathi"]
[Result "1/2-1/2"]
[WhiteTitle "GM"]
[BlackTitle "GM"]
[WhiteElo "2762"]
[BlackElo "2727"]
[WhiteTeam "Azerbaijan"]
[BlackTeam "India"]
[WhiteFideId "13401319"]
[BlackFideId "5029465"]
[EventDate "2021.09.08"]
[EventType "team"]

1. d4 Nf6 2. c4 e6 3. Nc3 Bb4 4. f3 d5 5. a3 Be7 6. e4 dxe4 7. fxe4 c5 8. d5
exd5 9. exd5 O-O 10. Be2 Re8 11. Nf3 Bf5 12. O-O Bg6 13. Nh4 Nxd5 14. Nxg6 Nxc3
15. Nxe7+ Qxe7 16. bxc3 Qxe2 17. Qd5 Qe6 18. Qxb7 Nc6 19. Bf4 Na5 20. Qb5 Nxc4
21. Qxc5 Qb6 22. Qxb6 axb6 23. a4 Nb2 24. Rfb1 Rxa4 25. Bc7 Rea8 26. Rxa4 Nxa4
27. c4 Rc8 28. Rb4 Rxc7 29. Rxa4 Kf8 30. Ra6 Rb7 31. Kf2 Ke7 32. Ke3 Kd6 33. Kd4
Kc6 34. Ra8 Rd7+ 35. Kc3 Re7 36. Rc8+ Kb7 37. Rf8 h5 38. Kb4 g6 39. g3 Kc6 40.
Rc8+ Rc7 41. Rd8 Rd7 42. Rc8+ Kb7 43. Rf8 Rc7 44. Re8 Kc6 45. Rd8 Kb7 46. Rd6
Rc6 47. Rd7+ Rc7 48. Rd6 Rc6 49. Rd7+ Rc7 50. Rd6 1/2-1/2

[Event "Online Olym Top DivB 2021"]
[Site "chess.com INT"]
[Date "2021.09.09"]
[Round "5.2"]
[Board "3"]
[White "Koneru, Humpy"]
[Black "Mammadzada, Gunay"]
[Result "1-0"]
[WhiteTitle "GM"]
[BlackTitle "IM"]
[WhiteElo "2586"]
[BlackElo "2459"]
[WhiteTeam "India"]
[BlackTeam "Azerbaijan"]
[WhiteFideId "5008123"]
[BlackFideId "13403729"]
[EventDate "2021.09.08"]
[EventType "team"]

1. d4 Nf6 2. c4 e6 3. Nf3 d5 4. Nc3 Be7 5. Bg5 h6 6. Bh4 O-O 7. e3 b6 8. Rc1 Bb7
9. Bd3 dxc4 10. Bxc4 c5 11. O-O cxd4 12. Nxd4 Nc6 13. Nxc6 Bxc6 14. Qe2 Ne8 15.
Rfd1 Qc7 16. Bg3 Bd6 17. Nb5 Bxb5 18. Bxb5 Qe7 19. Bxe8 Bxg3 20. Bc6 Be5 21.
Bxa8 Rxa8 22. Qb5 Qf6 23. Rd2 Rf8 24. f4 Bb8 25. Qd7 g5 26. Rc8 1-0

[Event "Online Olym Top DivB 2021"]
[Site "chess.com INT"]
[Date "2021.09.09"]
[Round "5.2"]
[Board "4"]
[White "Mammadova, Gulnar"]
[Black "Harika, Dronavalli"]
[Result "1/2-1/2"]
[WhiteTitle "IM"]
[BlackTitle "GM"]
[WhiteElo "2395"]
[BlackElo "2511"]
[WhiteTeam "Azerbaijan"]
[BlackTeam "India"]
[WhiteFideId "13403508"]
[BlackFideId "5015197"]
[EventDate "2021.09.08"]
[EventType "team"]

1. e4 e5 2. Nf3 Nf6 3. Nc3 Bb4 4. Bc4 d6 5. a3 Bxc3 6. dxc3 O-O 7. Qd3 Nbd7 8.
b4 Nb6 9. Ba2 d5 10. Bg5 dxe4 11. Qxd8 Rxd8 12. Nxe5 Be6 13. Bxe6 fxe6 14. c4 h6
15. Be3 Nfd7 16. Nxd7 Rxd7 17. c5 Nc4 18. Ke2 a5 19. Rhd1 Rxd1 20. Rxd1 Nxa3 21.
bxa5 Nxc2 22. Rd7 Rxa5 23. Rxc7 Rb5 24. Kd2 Nxe3 25. Kxe3 Rb4 26. h4 Rc4 27. h5
Kf8 28. g3 Kg8 29. Kf4 Rc2 30. Kxe4 Rxf2 31. Rxb7 Rc2 32. Rc7 Rc3 33. g4 Rc4+
34. Kf3 e5 35. c6 Rf4+ 36. Kg3 Rc4 37. Kf3 Rf4+ 38. Kg3 Rc4 39. Kf3 1/2-1/2

[Event "Online Olym Top DivB 2021"]
[Site "chess.com INT"]
[Date "2021.09.09"]
[Round "5.2"]
[Board "5"]
[White "Nihal, Sarin"]
[Black "Asadli, Vugar"]
[Result "1-0"]
[WhiteTitle "GM"]
[BlackTitle "GM"]
[WhiteElo "2652"]
[BlackElo "2578"]
[WhiteTeam "India"]
[BlackTeam "Azerbaijan"]
[WhiteFideId "25092340"]
[BlackFideId "13405764"]
[EventDate "2021.09.08"]
[EventType "team"]

1. Nf3 Nf6 2. c4 e6 3. g3 d5 4. Bg2 dxc4 5. Qa4+ Bd7 6. Qxc4 c5 7. Ne5 Qc8 8.
Qd3 Nc6 9. Nxd7 Nxd7 10. Nc3 Be7 11. O-O O-O 12. Qb5 Nb6 13. Bxc6 bxc6 14. Qb3
c4 15. Qc2 Rd8 16. b3 Qa6 17. bxc4 Qxc4 18. d3 Qa6 19. a4 c5 20. a5 Nd5 21. Ne4
Nb4 22. Qc3 Nd5 23. Qc4 Qxc4 24. dxc4 Nb4 25. Be3 Nc2 26. Rab1 Nd4 27. Rb7 Kf8
28. Rfb1 Nxe2+ 29. Kg2 Nd4 30. a6 h6 31. Rc7 Rdc8 32. Rbb7 Rxc7 33. Rxc7 Nb3 34.
Nxc5 Nxc5 35. Bxc5 Bxc5 36. Rxc5 g5 37. Rc7 Kg7 38. Kf3 Kf6 39. Ke4 h5 40. c5 g4
41. c6 Kg6 42. Ke5 1-0

[Event "Online Olym Top DivB 2021"]
[Site "chess.com INT"]
[Date "2021.09.09"]
[Round "5.2"]
[Board "6"]
[White "Balajayeva, Khanim"]
[Black "Vaishali, R"]
[Result "1/2-1/2"]
[WhiteTitle "WGM"]
[BlackTitle "WGM"]
[WhiteElo "2369"]
[BlackElo "2414"]
[WhiteTeam "Azerbaijan"]
[BlackTeam "India"]
[WhiteFideId "13406396"]
[BlackFideId "5091756"]
[EventDate "2021.09.08"]
[EventType "team"]

1. e4 e5 2. Nf3 Nc6 3. Nc3 Nf6 4. a3 d5 5. Bb5 d4 6. Ne2 Nxe4 7. d3 Nf6 8. Nxe5
Qd5 9. Nxc6 bxc6 10. Bc4 Qxg2 11. Rg1 Qxh2 12. Bf4 Qh5 13. Qd2 Bg4 14. O-O-O Bd6
15. Rde1 O-O 16. Nxd4 Rfe8 17. Bg5 Nd5 18. Nxc6 Rxe1+ 19. Rxe1 Qxg5 20. Qxg5
Bf4+ 21. Qxf4 Nxf4 22. Re7 Be6 23. Bxe6 Nxe6 24. Ne5 Rf8 25. Kd2 g5 26. Ke3 Kg7
27. Nd7 Rh8 28. d4 h5 29. Ne5 Rf8 30. Nd7 Rh8 31. Ne5 Rf8 32. Nd7 Rh8 1/2-1/2

[Event "Online Olym Top DivB 2021"]
[Site "chess.com INT"]
[Date "2021.09.09"]
[Round "5.3"]
[Board "1"]
[White "Bologan, Victor"]
[Black "Zeng, Chongsheng"]
[Result "1/2-1/2"]
[WhiteTitle "GM"]
[BlackTitle "GM"]
[WhiteElo "2574"]
[BlackElo "2597"]
[WhiteTeam "Moldova"]
[BlackTeam "Shenzhen China"]
[WhiteFideId "13900048"]
[BlackFideId "8603847"]
[EventDate "2021.09.08"]
[EventType "team"]

1. e4 c5 2. Nf3 Nc6 3. Bb5 Nf6 4. Bxc6 dxc6 5. d3 Bg4 6. h3 Bxf3 7. Qxf3 g6 8.
O-O Bg7 9. Nc3 Nd7 10. Be3 b6 11. Rad1 e5 12. Qg3 O-O 13. f4 exf4 14. Bxf4 Re8
15. Kh1 Qe7 16. Rd2 Qe6 17. Rdf2 c4 18. Qh4 cxd3 19. cxd3 Nc5 20. Bh6 Nxd3 21.
Rxf7 Qxf7 22. Rxf7 Kxf7 23. e5 Nxe5 24. Ne4 Bxh6 25. Qxh6 Ke6 26. Qxh7 Re7 27.
Qh4 Rf8 28. Kh2 Kd7 29. a4 a5 30. Nf6+ Ke6 31. Ne4 Kd7 32. Qg5 Re6 33. b4 axb4
34. Qd2+ Kc7 35. Qxb4 Rf4 36. a5 Nd7 37. axb6+ Nxb6 38. Qa5 Rfxe4 39. Qa7+ Kd6
40. Qxb6 Re8 41. Qf2 R8e6 42. Qd2+ Kc7 43. Qa5+ Kb7 44. Qc5 R4e5 45. Qb4+ Kc7
46. h4 c5 47. Qa5+ Kc6 48. Qa6+ Kd5 49. Qd3+ Kc6 50. Qa6+ Kc7 51. Qa7+ Kd6 52.
Qa6+ Ke7 53. Qb7+ Kf6 54. g4 Re7 55. Qc6+ Kg7 56. Kg3 Rf7 57. g5 Ref5 58. Qd6
Ra7 59. Qc6 Raf7 60. Qd6 Kh7 61. Qc6 Ra7 62. Qb6 Rd7 63. Qc6 Rg7 64. Kg4 Rgf7
65. Kg3 Kg7 1/2-1/2

[Event "Online Olym Top DivB 2021"]
[Site "chess.com INT"]
[Date "2021.09.09"]
[Round "5.3"]
[Board "2"]
[White "Yu, Ruiyuan"]
[Black "Macovei, Andrei"]
[Result "1-0"]
[WhiteTitle "GM"]
[BlackTitle "IM"]
[WhiteElo "2497"]
[BlackElo "2453"]
[WhiteTeam "Shenzhen China"]
[BlackTeam "Moldova"]
[WhiteFideId "8603090"]
[BlackFideId "13904680"]
[EventDate "2021.09.08"]
[EventType "team"]

1. e4 c6 2. d4 d5 3. Nc3 dxe4 4. Nxe4 Nf6 5. Ng3 h5 6. Bc4 h4 7. N3e2 c5 8. Nf3
h3 9. g3 Nc6 10. Ng5 e6 11. Be3 Ng4 12. Ne4 cxd4 13. Nxd4 Nxe3 14. fxe3 Bd7 15.
Qe2 Ne5 16. O-O-O Qb6 17. Bb3 Be7 18. Rhf1 O-O-O 19. Qf2 f5 20. Nd2 Ng4 21. Qe2
Bg5 22. Kb1 Kb8 23. Nc4 Qa6 24. e4 g6 25. e5 Bb5 26. a4 Bd7 27. Nf3 Be7 28. Nd4
Bc5 29. Rd3 Bxd4 30. Rxd4 Bxa4 31. Rd6 Rxd6 32. exd6 Bxb3 33. cxb3 e5 34. Rd1
Rd8 35. Qd2 Qb5 36. Qg5 Rd7 37. Qxg6 a5 38. Qxf5 Qxb3 39. Qxg4 Rd8 40. Nxa5 Qb5
41. Nc4 Qa4 42. Nxe5 Qb5 43. Nf7 Rd7 44. Qe6 Qa4 45. Qd5 Rxf7 46. d7 Rxd7 47.
Qxd7 Qe4+ 48. Qd3 Qg2 49. Qd6+ Ka7 50. Qc5+ Ka6 51. Rd6+ b6 52. Qxb6# 1-0

[Event "Online Olym Top DivB 2021"]
[Site "chess.com INT"]
[Date "2021.09.09"]
[Round "5.3"]
[Board "3"]
[White "Gitu, Paula-Alexandra"]
[Black "Zhao, Xue"]
[Result "0-1"]
[WhiteTitle "WFM"]
[BlackTitle "GM"]
[WhiteElo "2113"]
[BlackElo "2486"]
[WhiteTeam "Moldova"]
[BlackTeam "Shenzhen China"]
[WhiteFideId "13904620"]
[BlackFideId "8601283"]
[EventDate "2021.09.08"]
[EventType "team"]

1. e4 e6 2. d4 d5 3. Nd2 c5 4. exd5 Qxd5 5. Ngf3 cxd4 6. Bc4 Qd6 7. Nb3 Nc6 8.
O-O Nf6 9. Nbxd4 Nxd4 10. Qxd4 Qxd4 11. Nxd4 a6 12. Be2 e5 13. Nb3 Bf5 14. c3
O-O-O 15. Bg5 Be7 16. Bc4 Bg6 17. Rfe1 Bd6 18. Rad1 Bc7 19. h3 h6 20. Bh4 Rxd1
21. Rxd1 Ne4 22. f3 Nd6 23. Bd5 Nf5 24. Bf2 Ne7 25. Bc4 Rd8 26. Rxd8+ Bxd8 27.
Kf1 Kd7 28. Ke2 Kc6 29. g3 Nc8 30. Bd3 Bxd3+ 31. Kxd3 Nd6 32. Nd2 f5 33. a4 Bf6
34. c4 e4+ 35. fxe4 Bxb2 36. exf5 Nxf5 37. g4 Nd6 38. Bd4 Bxd4 39. Kxd4 Nf7 40.
Nf3 Kb6 41. Kd5 Ka5 42. Kc5 Kxa4 43. Kb6 Kb4 44. Kxb7 a5 45. Kb6 a4 46. c5 a3
47. Nd4 a2 48. Nc2+ Kc3 49. Na1 Kb2 50. c6 Kxa1 51. c7 Nd6 52. Kc6 Nc8 53. Kd7
Na7 0-1

[Event "Online Olym Top DivB 2021"]
[Site "chess.com INT"]
[Date "2021.09.09"]
[Round "5.3"]
[Board "4"]
[White "Xu, Tong"]
[Black "Verbin, Valentina"]
[Result "1-0"]
[WhiteTitle "WIM"]
[WhiteElo "2111"]
[BlackElo "2039"]
[WhiteTeam "Shenzhen China"]
[BlackTeam "Moldova"]
[WhiteFideId "8601739"]
[BlackFideId "13905910"]
[EventDate "2021.09.08"]
[EventType "team"]

1. e4 c5 2. Nf3 d6 3. d4 cxd4 4. Nxd4 Nf6 5. Nc3 Nc6 6. Nb3 e6 7. Be2 Be7 8. O-O
O-O 9. Be3 a6 10. a4 b6 11. f4 Bb7 12. Bf3 Qc7 13. Kh1 Rfe8 14. Qd2 Rac8 15.
Rad1 Nb4 16. Qf2 Nd7 17. Nd4 Nc5 18. Rd2 Bf8 19. Qg3 g6 20. Rfd1 Bg7 21. Nde2
Rcd8 22. Bd4 e5 23. Be3 d5 24. exd5 e4 25. Bg4 f5 26. Bh3 Qf7 27. a5 Nxd5 28.
Nxd5 Rxd5 29. Rxd5 Bxd5 30. axb6 Nd7 31. b3 Rb8 32. Qf2 Bb7 33. c4 a5 34. Qe1 a4
35. bxa4 Bc6 36. a5 Qxc4 37. Rc1 Qd3 38. Qd2 Bb5 39. Qxd3 exd3 40. Nc3 Ba6 41.
Nd5 Re8 42. Rc7 d2 43. Bxd2 Re2 44. Rxd7 Bd4 45. Ne7+ Kf8 46. Rxd4 Kxe7 47. Kg1
Bb7 48. g3 h6 49. Bf1 Re6 50. Bb4+ Ke8 51. Bb5+ Kf7 52. Bc4 1-0

[Event "Online Olym Top DivB 2021"]
[Site "chess.com INT"]
[Date "2021.09.09"]
[Round "5.3"]
[Board "5"]
[White "Lashkin, Jegor"]
[Black "Xue, Haowen"]
[Result "0-1"]
[WhiteTitle "FM"]
[WhiteElo "2386"]
[BlackElo "2128"]
[WhiteTeam "Moldova"]
[BlackTeam "Shenzhen China"]
[WhiteFideId "13907808"]
[BlackFideId "8625492"]
[EventDate "2021.09.08"]
[EventType "team"]

1. d4 Nf6 2. c4 e6 3. Nf3 d5 4. Nc3 Be7 5. Bf4 O-O 6. e3 c5 7. dxc5 Bxc5 8. a3
Nc6 9. Qc2 Re8 10. Rd1 e5 11. Bg5 d4 12. Nd5 Be7 13. Bxf6 Bxf6 14. Bd3 g6 15.
Nxf6+ Qxf6 16. O-O Bg4 17. Be4 Rad8 18. b4 Rd7 19. Qa4 Bxf3 20. gxf3 Red8 21. b5
Ne7 22. exd4 exd4 23. c5 Qg5+ 24. Kh1 Qxc5 25. Rd3 f5 0-1

[Event "Online Olym Top DivB 2021"]
[Site "chess.com INT"]
[Date "2021.09.09"]
[Round "5.3"]
[Board "6"]
[White "Li, Xinyu"]
[Black "Mihailova, Alina"]
[Result "1-0"]
[WhiteTitle "WFM"]
[WhiteElo "2167"]
[BlackElo "1884"]
[WhiteTeam "Shenzhen China"]
[BlackTeam "Moldova"]
[WhiteFideId "8610401"]
[BlackFideId "13907018"]
[EventDate "2021.09.08"]
[EventType "team"]

1. d4 d5 2. c4 dxc4 3. e4 Nf6 4. e5 Nd5 5. Bxc4 Nb6 6. Bd3 Nc6 7. Ne2 Bg4 8. f3
Be6 9. Nbc3 Qd7 10. Be3 O-O-O 11. Be4 Nb4 12. O-O f5 13. Bd3 Nxd3 14. Qxd3 Bc4
15. Qc2 e6 16. Rfc1 Kb8 17. b3 Bxe2 18. Qxe2 Be7 19. a4 g5 20. a5 Nd5 21. Nxd5
Qxd5 22. Rc4 h5 23. Qc2 Rc8 24. b4 f4 25. Bd2 g4 26. Rc1 Qd7 27. Bxf4 gxf3 28.
g3 h4 29. b5 hxg3 30. hxg3 f2+ 31. Qxf2 Qxb5 32. Qf3 Qxa5 33. Rb1 c6 34. Rc2 Qb5
35. Rxb5 cxb5 36. Rxc8+ Rxc8 37. Qb3 Rc4 38. Qxb5 Rxd4 39. Qe8+ Bd8 40. Qxe6 Bc7
41. Qe8+ Rd8 42. Qb5 a6 43. Qb4 a5 44. Qb5 Ka7 45. e6 Bb6+ 46. Kg2 Rc8 47. e7 1-0

[Event "Online Olym Top DivB 2021"]
[Site "chess.com INT"]
[Date "2021.09.09"]
[Round "5.4"]
[Board "1"]
[White "Borisek, Jure"]
[Black "Grandelius, Nils"]
[Result "0-1"]
[WhiteTitle "GM"]
[BlackTitle "GM"]
[WhiteElo "2591"]
[BlackElo "2666"]
[WhiteTeam "Slovenia"]
[BlackTeam "Sweden"]
[WhiteFideId "14603152"]
[BlackFideId "1710400"]
[EventDate "2021.09.08"]
[EventType "team"]

1. e4 c6 2. d4 d5 3. e5 c5 4. dxc5 e6 5. Nf3 Bxc5 6. Bd3 Ne7 7. O-O Ng6 8. Nbd2
Nc6 9. Nb3 Bb6 10. Re1 O-O 11. Be3 Bc7 12. Bc5 Re8 13. Bd4 Nxd4 14. Nbxd4 f6 15.
Bxg6 hxg6 16. Qe2 g5 17. h3 Bd7 18. c3 Qe7 19. Qd2 Qf7 20. Re2 Re7 21. Rae1 Rae8
22. Qc2 b5 23. b4 Qh5 24. Nb3 f5 25. Qd2 g4 26. hxg4 fxg4 27. Nh2 g5 28. f3 g3
29. Nf1 Qh4 30. Qd4 Bb6 31. Nc5 Rc8 32. Rd1 Rh7 33. Qxh4 gxh4 34. Rd4 Bxc5 35.
bxc5 Rxc5 36. Rc2 Rh5 37. f4 Be8 38. Ne3 Bg6 39. Rc1 Be4 40. Ng4 Kf7 41. Nf6 Rh8
42. Nxe4 dxe4 43. Rxe4 Rhc8 44. f5 exf5 45. Rxh4 Rxc3 46. Rf1 Rc1 47. Rh7+ Ke6
48. Rxa7 R8c2 49. Rb7 Rxf1+ 50. Kxf1 Rf2+ 51. Ke1 Rxg2 52. Rxb5 Rxa2 0-1

[Event "Online Olym Top DivB 2021"]
[Site "chess.com INT"]
[Date "2021.09.09"]
[Round "5.4"]
[Board "2"]
[White "Agrest, Evgenij"]
[Black "Markoja, Boris"]
[Result "0-1"]
[WhiteTitle "GM"]
[BlackTitle "IM"]
[WhiteElo "2568"]
[BlackElo "2453"]
[WhiteTeam "Sweden"]
[BlackTeam "Slovenia"]
[WhiteFideId "1705024"]
[BlackFideId "14608502"]
[EventDate "2021.09.08"]
[EventType "team"]

1. d4 Nf6 2. Bf4 b6 3. Nc3 e6 4. e4 Bb4 5. f3 d5 6. Bg5 h6 7. Bxf6 Qxf6 8. Ne2
dxe4 9. fxe4 Bb7 10. Qd3 Qh4+ 11. Ng3 Nc6 12. O-O-O O-O-O 13. Nce2 Be7 14. Qc3
Bg5+ 15. Kb1 Bf6 16. a3 Rd7 17. Qe3 Nxd4 18. Nxd4 c5 19. c3 cxd4 20. cxd4 Rhd8
21. d5 exd5 22. Bb5 Rc7 23. Rc1 Rxc1+ 24. Rxc1+ Kb8 25. Qe2 Qxh2 26. Qf3 Be5 27.
Ne2 dxe4 28. Qxf7 Qxg2 29. Rg1 Qf3 30. Qe7 Qf6 31. Qxf6 Bxf6 32. Nf4 Rd2 33. b4
e3 34. Re1 Be4+ 0-1